Základy teorie plasticity : repetitorium a příklady : určeno pro posl. fak. strojní /

Hlavní autor: Pešina, Eugen, 1921-1966
Korporativní autor: České vysoké učení technické v Praze
Jazyk: Čeština
Vydáno: Praha : Státní nakladatelství technické literatury, 1965
Vydání: 1. vyd.
Edice: Učební texty vysokých škol
Témata:
Fyzický popis: 217 s. ; 4°
Knihy
Uloženo v:
LEADER 01145nam a2200289 a 4500
001 000632255
003 CZ BrMZK
005 20021025080203.0
007 ta
008 021022s1965 xr f cze d
040 |a BOA001  |c ze  |d BOA001 
080 |a 539.374(075.8)(076.5)  |2 MRF 
100 1 |a Pešina, Eugen,  |d 1921-1966  |7 jk01092655  |4 aut 
245 1 0 |a Základy teorie plasticity :  |b repetitorium a příklady : určeno pro posl. fak. strojní /  |c Eugen Pešina 
250 |a 1. vyd. 
260 |a Praha :  |b Státní nakladatelství technické literatury,  |c 1965 
300 |a 217 s. ;  |c 4° 
490 1 |a Učební texty vysokých škol 
500 |a S obr. a grafy v textu 
500 |a Vyd. České vys. učení techn. v Praze 
710 2 |a České vysoké učení technické v Praze  |7 kn20010710137 
830 0 |a Učební texty vysokých škol 
910 |a BOA001  |b 4-0546.612 
964 |a Plasticita - teorie - repetitoria - učebnice vysokoškol. 
964 |a Plasticita - teorie - příklady řešené - učebnice vysokoškol. 
990 |a BK 
996 7 |b 2619505858  |c 4-0546.612  |l MZK  |r Sklad / do 1 hodiny  |n 7  |w 000632255  |u 000010  |a 1  |e BOA001  |j MZK50  |s A